000 00709nam a2200241 a 4500
001 66702
003 BD-RjUL
005 20211209081553.0
008 170319s1955 enka b 00110 eng
035 _a(BD-RjUL)66833
040 _aDLC
_cDLC
_dBD-RjUL
_beng
041 _aeng
082 _223
_a519.537
_bKER 1955
100 1 _aKendall, Maurice G.
_q(Maurice George),
_d1907-
_9197454
245 1 0 _aRank correlation methods /
_cMaurice G. Kendall.
250 _a2nd ed.
260 _aLondon :
_bGriffin,
_c1955
300 _aviii, 196 p. :
_bill. ;
_c24 cm.
504 _aBibliography: p. 167-171.
650 0 _aCorrelation (Statistics)
_9197455
650 1 2 _aStatistics as Topic.
_9197456
942 _2ddc
_cBK
999 _c66702
_d66702